[Event "Open Letni Praha 2017 - A"]
[Site "Praha"]
[Date "2017.08.06"]
[Round "3"]
[White "Pulpan, Matej"]
[Black "Egorov, Pavel"]
[Result "1/2-1/2"]
[WhiteElo "2054"]
[BlackElo "2205"]
[PlyCount "73"]
[EventDate "2017.08.04"]

1. e4 c5 2. c3 Nf6 3. e5 Nd5 4. d4 cxd4 5. Nf3 Nc6 6. cxd4 d6 7. exd6 Qxd6 8.
Nc3 Bg4 9. Be2 e6 10. O-O Be7 11. h3 Bh5 12. Be3 O-O 13. Qb3 Nb6 14. Rfd1 Rfd8
15. a3 Rac8 16. Rac1 Nd5 17. Qxb7 Rb8 18. Qa6 Nxe3 19. fxe3 Bxf3 20. Bxf3 Nxd4
21. Qxd6 Nxf3+ 22. gxf3 Rxd6 23. b4 h6 24. Rxd6 Bxd6 25. Ne4 Be5 26. Rc5 Bb2
27. Ra5 Rb7 28. Nd6 Rd7 29. Nb5 Bc1 30. Kf2 Rd2+ 31. Kg3 Ra2 32. Nxa7 Bxe3 33.
f4 g5 34. fxg5 hxg5 35. Kf3 Bd2 36. Nc6 f5 37. Nd4 1/2-1/2

[Event "Open Letni Praha 2017 - A"]
[Site "Praha"]
[Date "2017.08.06"]
[Round "3"]
[White "Anaskin, Arsenij"]
[Black "Maza Lopez De Los M, Santiago"]
[Result "1-0"]
[WhiteElo "2188"]
[BlackElo "1994"]
[PlyCount "51"]
[EventDate "2017.08.04"]

1. e4 c6 2. d4 d5 3. Nc3 dxe4 4. Nxe4 Nf6 5. Nxf6+ exf6 6. Qd3 Bd6 7. Nf3 O-O
8. Be2 Re8 9. O-O Bg4 10. Re1 Nd7 11. Bd2 Nf8 12. Nh4 Qd7 13. Bxg4 Qxg4 14. Nf5
Bc7 15. h3 Qh5 16. g4 Qg6 17. Ne7+ Rxe7 18. Rxe7 Qxd3 19. cxd3 Ne6 20. Re1 Rc8
21. f4 Bd6 22. Rxb7 Nxd4 23. Kg2 Bc5 24. b4 Bb6 25. a4 Kf8 26. Ree7 1-0

[Event "Open Letni Praha 2017 - A"]
[Site "Praha"]
[Date "2017.08.06"]
[Round "3"]
[White "Afanasieva, Alexandra"]
[Black "Toman, Ondrej"]
[Result "0-1"]
[WhiteElo "2041"]
[BlackElo "2187"]
[PlyCount "66"]
[EventDate "2017.08.04"]

1. e4 e6 2. d4 d5 3. Nd2 Nf6 4. e5 Nfd7 5. Bd3 c5 6. c3 Nc6 7. Ne2 Qb6 8. Nf3
cxd4 9. cxd4 Bb4+ 10. Bd2 f6 11. exf6 Nxf6 12. O-O O-O 13. Bxb4 Qxb4 14. Qc2
Qd6 15. a3 Bd7 16. Qd2 Rae8 17. Rfe1 Ng4 18. h3 Rxf3 19. hxg4 Rf7 20. f4 Ref8
21. Qe3 g6 22. g3 Qc7 23. Bb5 Qb6 24. Bxc6 bxc6 25. b4 e5 26. fxe5 Rf3 27. Qg5
Qa6 28. Rac1 Qd3 29. Rc3 Qe4 30. Rxf3 Qxf3 31. Qc1 Qf2+ 32. Kh1 Bxg4 33. Ng1
Rf5 0-1

[Event "Open Letni Praha 2017 - A"]
[Site "Praha"]
[Date "2017.08.06"]
[Round "3"]
[White "Egorov, Konstantin"]
[Black "Svetly, Jiri"]
[Result "1-0"]
[WhiteElo "2180"]
[BlackElo "1993"]
[PlyCount "93"]
[EventDate "2017.08.04"]

1. d4 Nf6 2. c4 g6 3. Nc3 Bg7 4. e4 d6 5. Nf3 O-O 6. Be2 e5 7. O-O Nc6 8. d5
Ne7 9. Ne1 Ne8 10. Nd3 f5 11. Bd2 Nf6 12. f3 f4 13. c5 g5 14. cxd6 cxd6 15. Nf2
h5 16. h3 Rf7 17. a4 Bf8 18. Nb5 Kh8 19. Qc2 Neg8 20. Rfc1 Ne8 21. a5 Ngf6 22.
Ra3 a6 23. Nc3 Rc7 24. Qd1 Rg7 25. Na4 g4 26. hxg4 hxg4 27. fxg4 Bxg4 28. Bxg4
Nxg4 29. Nxg4 Qg5 30. Rh3+ Rh7 31. Rxh7+ Kxh7 32. Qf3 Be7 33. Nb6 Rd8 34. Qh3+
Kg6 35. Nh2 Ng7 36. Rc8 Nh5 37. Qe6+ Qf6 38. Rxd8 Qxe6 39. dxe6 Bxd8 40. Nd5
Ng3 41. e7 Bxe7 42. Nxe7+ Kf7 43. Nc8 Nxe4 44. Bb4 Ke6 45. Nf3 Nc5 46. Nxd6
Kxd6 47. Nxe5 1-0

[Event "Open Letni Praha 2017 - A"]
[Site "Praha"]
[Date "2017.08.06"]
[Round "3"]
[White "Battesti, Saveriu"]
[Black "Haase, Pavel"]
[Result "1/2-1/2"]
[WhiteElo "2034"]
[BlackElo "2177"]
[PlyCount "58"]
[EventDate "2017.08.04"]

1. e4 c5 2. Nf3 d6 3. c3 Nf6 4. h3 g6 5. Bd3 Bg7 6. O-O O-O 7. Bc2 Nc6 8. d4 e5
9. Na3 a6 10. dxe5 dxe5 11. Nc4 Qc7 12. Qd6 Qxd6 13. Nxd6 Rd8 14. Rd1 Ne8 15.
Nxe8 Rxe8 16. Be3 Bf8 17. Bb3 Kg7 18. Nd2 Na5 19. Bd5 Rb8 20. b4 cxb4 21. cxb4
Bxb4 22. Rab1 Nc6 23. Nc4 Be6 24. Bxe6 Rxe6 25. Bb6 Rbe8 26. Rd7 R8e7 27. Rd3
Re8 28. Rd7 R6e7 29. Rd3 Re6 1/2-1/2

[Event "Open Letni Praha 2017 - A"]
[Site "Praha"]
[Date "2017.08.06"]
[Round "3"]
[White "Aroven, Mikael"]
[Black "Vrecion, Jiri"]
[Result "1/2-1/2"]
[WhiteElo "2175"]
[BlackElo "1979"]
[PlyCount "84"]
[EventDate "2017.08.04"]

1. c4 Nf6 2. g3 g6 3. Bg2 d5 4. cxd5 Nxd5 5. Nc3 Nxc3 6. bxc3 Bg7 7. Qb3 c6 8.
Nf3 O-O 9. h4 Qb6 10. Qc2 e5 11. O-O Bf5 12. e4 Bg4 13. d3 c5 14. Nh2 Be6 15.
Be3 Qd6 16. Rad1 Nc6 17. h5 Rad8 18. Rfe1 Rd7 19. Bf1 Rfd8 20. Be2 Qe7 21. hxg6
hxg6 22. Nf3 f6 23. Qa4 Rc7 24. d4 cxd4 25. cxd4 exd4 26. Nxd4 Nxd4 27. Bxd4 b6
28. Be3 Rcd7 29. Rxd7 Qxd7 30. Qxd7 Rxd7 31. Bb5 Rc7 32. a4 Bf8 33. Bf4 Rc2 34.
Rc1 Rxc1+ 35. Bxc1 Bc5 36. Kg2 Bb3 37. Bb2 Kf7 38. f4 a6 39. Bxa6 Bxa4 40. Bc4+
Ke7 41. Kf3 Bc6 42. g4 f5 1/2-1/2

[Event "Open Letni Praha 2017 - A"]
[Site "Praha"]
[Date "2017.08.06"]
[Round "3"]
[White "Babicka, Michal"]
[Black "Richterova, Natasa"]
[Result "0-1"]
[WhiteElo "2022"]
[BlackElo "2172"]
[PlyCount "114"]
[EventDate "2017.08.04"]

1. e4 e5 2. Nf3 Nf6 3. Nxe5 d6 4. Nf3 Nxe4 5. Nc3 Nxc3 6. dxc3 Be7 7. Be3 Nc6
8. Qd2 Be6 9. O-O-O Qd7 10. Kb1 a6 11. h4 h6 12. Be2 Bf6 13. Nd4 O-O-O 14. Bf3
Ne5 15. Be2 Nc4 16. Qc1 Rhe8 17. Nxe6 Qxe6 18. Bxc4 Qxc4 19. g3 Qb5 20. Qd2 Re6
21. Qd3 Qxd3 22. cxd3 d5 23. d4 Rde8 24. Rhe1 c6 25. Kc2 Bd8 26. Kd3 Bc7 27.
Re2 Kd7 28. Rde1 h5 29. Kd2 b5 30. Kd3 f6 31. Kd2 Bd6 32. Kd3 R6e7 33. Rh1 Rb8
34. Bd2 Rxe2 35. Kxe2 Ke6 36. b4 Kf5 37. Kf3 a5 38. a3 Re8 39. Be3 g6 40. Bd2
Re7 41. Be3 Ra7 42. Bc1 Ra8 43. Re1 g5 44. hxg5 fxg5 45. Kg2 g4 46. Re2 Rh8 47.
f3 Rg8 48. Rf2 axb4 49. axb4 Ke6 50. fxg4 Rxg4 51. Rf3 h4 52. Bd2 Rxg3+ 53.
Rxg3 Bxg3 54. Bh6 Be1 55. Bf8 Bxc3 56. Bc5 Kf5 57. Kf3 h3 0-1

[Event "Open Letni Praha 2017 - A"]
[Site "Praha"]
[Date "2017.08.06"]
[Round "3"]
[White "Plasil, Petr"]
[Black "Bjornsson, Tomas"]
[Result "1/2-1/2"]
[WhiteElo "2007"]
[BlackElo "2169"]
[PlyCount "26"]
[EventDate "2017.08.04"]

1. d4 Nf6 2. c4 e6 3. Nf3 Bb4+ 4. Bd2 Bxd2+ 5. Nbxd2 d5 6. e3 O-O 7. Qc2 Nbd7
8. Rc1 c6 9. Bd3 h6 10. O-O Qc7 11. cxd5 Nxd5 12. a3 e5 13. b4 exd4 1/2-1/2

[Event "Open Letni Praha 2017 - A"]
[Site "Praha"]
[Date "2017.08.06"]
[Round "3"]
[White "Hiller, Simon"]
[Black "French, Max"]
[Result "0-1"]
[WhiteElo "2164"]
[BlackElo "1968"]
[PlyCount "66"]
[EventDate "2017.08.04"]

1. e4 c6 2. d4 d5 3. e5 c5 4. dxc5 Nc6 5. Nf3 Bg4 6. Be3 e6 7. Bb5 Qa5+ 8. Nc3
Nge7 9. a3 a6 10. Ba4 Nf5 11. b4 Qc7 12. Bf4 Be7 13. h3 Bxf3 14. Qxf3 Nh4 15.
Qg3 g5 16. Bd2 Nf5 17. Qh2 O-O-O 18. Bxc6 Qxc6 19. Ne2 d4 20. Nc1 Qe4+ 21. Kd1
Ne3+ 22. fxe3 dxe3 23. Nd3 Rxd3 24. cxd3 Qxd3 25. Ra2 Qb1+ 26. Ke2 Qxa2 27.
Kxe3 Rd8 28. Rd1 Qc4 29. Qg1 Qd3+ 30. Kf2 g4 31. hxg4 Qd4+ 32. Ke2 Qxg4+ 33.
Kf2 Bg5 0-1

[Event "Open Letni Praha 2017 - A"]
[Site "Praha"]
[Date "2017.08.06"]
[Round "3"]
[White "Kelm, Daniel"]
[Black "Lushnikov, Evgeny"]
[Result "1/2-1/2"]
[WhiteElo "1952"]
[BlackElo "2121"]
[PlyCount "65"]
[EventDate "2017.08.04"]

1. d4 Nf6 2. Nf3 c5 3. e3 cxd4 4. exd4 d5 5. Bd3 Nc6 6. O-O Bg4 7. c3 e6 8. Re1
Bd6 9. Bg5 O-O 10. Nbd2 h6 11. Bh4 Bf4 12. Qb3 Qc7 13. Bxf6 gxf6 14. g3 Bxf3
15. Nxf3 Bd6 16. Qd1 f5 17. Nh4 Qd8 18. Kh1 Qf6 19. Qh5 Qg5 20. Qe2 Kh8 21. Rg1
Rg8 22. Qf1 Rg7 23. f4 Qf6 24. Re1 Rag8 25. Qh3 Ne7 26. Rg2 Ng6 27. Nxg6+ Rxg6
28. Reg1 Qg7 29. Be2 Qf6 30. Bd3 Qg7 31. Qh4 Rg4 32. Qh3 Rg6 33. Be2 1/2-1/2

[Event "Open Letni Praha 2017 - A"]
[Site "Praha"]
[Date "2017.08.06"]
[Round "3"]
[White "Kaderabek, Jiri"]
[Black "Kohtz, Andreas"]
[Result "1/2-1/2"]
[WhiteElo "2120"]
[BlackElo "1946"]
[PlyCount "62"]
[EventDate "2017.08.04"]

1. e4 Nf6 2. e5 Nd5 3. d4 d6 4. c4 Nb6 5. f4 dxe5 6. fxe5 c5 7. d5 e6 8. Nf3
exd5 9. Bg5 Be7 10. Bxe7 Qxe7 11. cxd5 Bg4 12. Bb5+ N8d7 13. O-O O-O 14. Bxd7
Nxd7 15. Nc3 Nxe5 16. d6 Qe6 17. Ne4 Nxf3+ 18. gxf3 Qxe4 19. fxe4 Bxd1 20.
Rfxd1 f6 21. Rac1 b6 22. b4 cxb4 23. Rc7 Rf7 24. d7 Rd8 25. Rxa7 Kf8 26. Rc7
Ke7 27. Rd5 g6 28. Rb7 f5 29. Rxb6 fxe4 30. Rxb4 Ke6 31. Rdd4 Rdxd7 1/2-1/2

[Event "Open Letni Praha 2017 - A"]
[Site "Praha"]
[Date "2017.08.06"]
[Round "3"]
[White "Jun, Rudolf"]
[Black "Krivanek, Vladimir"]
[Result "1/2-1/2"]
[WhiteElo "1834"]
[BlackElo "2107"]
[PlyCount "95"]
[EventDate "2017.08.04"]

1. e4 e6 2. d4 d5 3. exd5 exd5 4. Nf3 Nf6 5. Bd3 c5 6. dxc5 Bxc5 7. O-O O-O 8.
c3 Nc6 9. Bg5 Qd6 10. Nbd2 a5 11. Nb3 Ba7 12. Bxf6 Qxf6 13. h3 Bb8 14. Nbd4 g6
15. Bb5 Rd8 16. Re1 Bd7 17. Qd3 Bc7 18. a4 Qf4 19. b3 Rac8 20. Bxc6 bxc6 21. b4
Ra8 22. Red1 h6 23. Qd2 Kg7 24. Qxf4 Bxf4 25. Rdb1 Rdc8 26. Nb3 axb4 27. cxb4
Bd6 28. Nc5 Bf5 29. Rb3 Kf6 30. a5 Rcb8 31. Nd4 Rxb4 32. Rxb4 Bxc5 33. Nxc6
Bxb4 34. Nxb4 Ke6 35. g4 Be4 36. Kh2 Kd6 37. Kg3 g5 38. Ra3 Kc5 39. Na2 d4 40.
f3 Bb7 41. f4 Kc4 42. Nc1 Re8 43. a6 Ba8 44. fxg5 hxg5 45. Kf2 Rb8 46. Nd3 f6
47. a7 Re8 48. Nc1 1/2-1/2

[Event "Open Letni Praha 2017 - A"]
[Site "?"]
[Date "2017.08.06"]
[Round "4"]
[White "Urtnasan, Nasanjargal"]
[Black "Iordachescu, Viorel"]
[Result "0-1"]
[WhiteElo "2419"]
[BlackElo "2581"]
[PlyCount "114"]
[EventDate "2017.??.??"]
[WhiteClock "0:07:30"]
[BlackClock "0:05:06"]

1. d4 Nf6 2. Nf3 g6 3. g3 d5 4. Bg2 Bg7 5. c4 dxc4 6. Na3 c3 7. bxc3 O-O 8. O-O
c5 9. Nc4 Nc6 10. Nce5 Nd5 11. Bb2 Nxe5 12. Nxe5 Nb6 13. f4 Be6 14. dxc5 Qc7
15. Ba3 Rad8 16. Qc1 Bxe5 17. cxb6 Qxb6+ 18. Kh1 Bf6 19. Rb1 Qa6 20. e4 Rd7 21.
e5 Bg7 22. Rf2 b6 23. Bf1 Qc8 24. Qe3 Rfd8 25. Kg1 Bf8 26. h4 Bf5 27. Rc1 h5
28. Kh2 e6 29. Bxf8 Kxf8 30. c4 Kg7 31. a4 Bd3 32. Bg2 Bf5 33. Bf1 Rd4 34. a5
Qc5 35. axb6 axb6 36. Ra1 Rxc4 37. Qxc5 Rxc5 38. Ra7 Be4 39. Bg2 Bxg2 40. Rxg2
Rd1 41. Rb2 Rcd5 42. Raa2 b5 43. Kh3 Rh1+ 44. Kg2 Rc1 45. Ra3 Rdc5 46. Rab3
R1c2+ 47. Rxc2 Rxc2+ 48. Kf3 Rc5 49. Ke4 Kf8 50. Kd4 Rd5+ 51. Kc3 f6 52. exf6
Kf7 53. Ra3 Kxf6 54. Ra8 e5 55. fxe5+ Kxe5 56. Ra6 Rd6 57. Ra5 Ke4 0-1

[Event "Open Letni Praha 2017 - A"]
[Site "?"]
[Date "2017.08.06"]
[Round "4"]
[White "Xiu, Deshun"]
[Black "Kraus, Tomas"]
[Result "1/2-1/2"]
[WhiteElo "2532"]
[BlackElo "2424"]
[PlyCount "67"]
[EventDate "2017.??.??"]
[WhiteClock "0:03:58"]
[BlackClock "0:04:00"]

1. Nf3 d5 2. d4 e6 3. g3 c5 4. Bg2 Nc6 5. O-O Nf6 6. c4 dxc4 7. dxc5 Qxd1 8.
Rxd1 Bxc5 9. Nbd2 c3 10. bxc3 O-O 11. Nb3 Be7 12. c4 Bd7 13. Bb2 Rfd8 14. Ne5
Rac8 15. Rd2 Be8 16. Rxd8 Rxd8 17. Nxc6 Bxc6 18. Bxc6 bxc6 19. Bd4 Rd7 20. e3
Ne4 21. f3 Ng5 22. Kf2 f6 23. h4 Nf7 24. Ke2 Nd8 25. f4 Kf7 26. Rd1 Ke8 27. Rc1
Rb7 28. Rc2 Bd6 29. Na5 Re7 30. Nb3 e5 31. Bc5 Bxc5 32. Nxc5 exf4 33. gxf4 Nb7
34. Nxb7 1/2-1/2

[Event "Open Letni Praha 2017 - A"]
[Site "?"]
[Date "2017.08.06"]
[Round "4"]
[White "Chernyshov, Konstantin"]
[Black "Matras, Ondrej"]
[Result "1-0"]
[WhiteElo "2496"]
[BlackElo "2264"]
[PlyCount "67"]
[EventDate "2017.??.??"]
[WhiteClock "0:35:01"]
[BlackClock "0:08:57"]

1. c4 e5 2. Nc3 Nc6 3. g3 f5 4. Bg2 Nf6 5. d3 Bc5 6. e3 f4 7. exf4 d6 8. Nge2
O-O 9. O-O Qe8 10. fxe5 dxe5 11. Be3 Bxe3 12. fxe3 Bg4 13. Qd2 Qh5 14. Rae1 Ne7
15. Bxb7 Rad8 16. Bg2 Nf5 17. e4 Nd6 18. Nd5 Nxd5 19. cxd5 Rxf1+ 20. Bxf1 Rf8
21. Bg2 Nf7 22. Kh1 Ng5 23. Ng1 Rf6 24. Rf1 Rh6 25. h4 Nf7 26. Bf3 g5 27. Qe2
Bxf3+ 28. Qxf3 gxh4 29. g4 Qg6 30. Nh3 Qg7 31. Qf5 Rg6 32. Qc8+ Qf8 33. Qxc7
Rxg4 34. Rxf7 1-0

[Event "Open Letni Praha 2017 - A"]
[Site "?"]
[Date "2017.08.06"]
[Round "4"]
[White "Neuman, Petr"]
[Black "Chkhaidze, Nikoloz"]
[Result "1-0"]
[WhiteElo "2457"]
[BlackElo "2341"]
[PlyCount "81"]
[EventDate "2017.??.??"]
[WhiteClock "0:02:24"]
[BlackClock "0:01:47"]

1. c4 Nf6 2. Nf3 g6 3. Nc3 d5 4. cxd5 Nxd5 5. Qc2 Bg7 6. e4 Nb6 7. d4 Nc6 8. d5
Nb8 9. a4 Bg4 10. a5 Nc8 11. Bf4 Bxf3 12. gxf3 O-O 13. Be2 Nd6 14. O-O Nd7 15.
a6 b6 16. Nb5 Nxb5 17. Bxb5 Ne5 18. Qc3 Qd6 19. Bg3 g5 20. Rac1 Rac8 21. Qe3
Kh8 22. Kh1 Qh6 23. f4 gxf4 24. Bxf4 Qh4 25. Bg3 Qh5 26. f4 Ng4 27. Qf3 Nf6 28.
Qxh5 Nxh5 29. Rc2 Nxg3+ 30. hxg3 Bd4 31. Bd7 Rb8 32. Rxc7 b5 33. Rb7 b4 34. b3
Kg7 35. Rd1 Bb6 36. Rc1 Rfd8 37. Rc4 Rxb7 38. axb7 Rb8 39. Bc8 a5 40. Rc6 Bd8
41. Ra6 1-0

[Event "Open Letni Praha 2017 - A"]
[Site "?"]
[Date "2017.08.06"]
[Round "4"]
[White "Pauly, Carlo"]
[Black "Campora, Daniel"]
[Result "1/2-1/2"]
[WhiteElo "2261"]
[BlackElo "2436"]
[PlyCount "84"]
[EventDate "2017.??.??"]
[WhiteClock "0:01:21"]
[BlackClock "0:15:02"]

1. d4 Nf6 2. c4 e5 3. dxe5 Ng4 4. Bf4 Nc6 5. Nf3 Bb4+ 6. Nbd2 Qe7 7. e3 Ngxe5
8. Nxe5 Nxe5 9. Be2 O-O 10. O-O Ng6 11. Bg3 Bd6 12. Bxd6 Qxd6 13. Qc2 Qe7 14.
c5 d6 15. cxd6 Qxd6 16. Rfd1 Qe7 17. Nb3 Rb8 18. Rd2 Re8 19. Rad1 c6 20. Nc5
Nf8 21. Bf3 Be6 22. b4 Red8 23. a4 Rxd2 24. Rxd2 Re8 25. h3 Bc8 26. Qc3 Ne6 27.
Ne4 Rd8 28. Rxd8+ Nxd8 29. Qd4 b6 30. a5 Ne6 31. Qd6 Qc7 32. Qxc7 Nxc7 33. Nd6
Bd7 34. axb6 axb6 35. Nc4 Be8 36. Nd6 Bd7 37. Nc4 Be8 38. Nd6 c5 39. bxc5 bxc5
40. Be2 Bc6 41. Bc4 Bd5 42. Bxd5 Nxd5 1/2-1/2

[Event "Open Letni Praha 2017 - A"]
[Site "?"]
[Date "2017.08.06"]
[Round "4"]
[White "Mammadov, Zaur"]
[Black "Aliyev, Ravan"]
[Result "1/2-1/2"]
[WhiteElo "2424"]
[BlackElo "2346"]
[PlyCount "84"]
[EventDate "2017.??.??"]
[WhiteClock "0:30:24"]
[BlackClock "0:13:33"]

1. Nf3 Nf6 2. g3 d5 3. Bg2 Bf5 4. O-O e6 5. Nh4 Bg4 6. h3 Bh5 7. c4 c6 8. g4
Nfd7 9. gxh5 Qxh4 10. cxd5 cxd5 11. e4 dxe4 12. Nc3 Be7 13. Nxe4 Nc6 14. d4 O-O
15. h6 Rfd8 16. hxg7 Nc5 17. Bg5 Bxg5 18. Nxc5 Rxd4 19. Qe2 Rd2 20. Qb5 Nd4 21.
Qxb7 Rd8 22. Ne4 Ne2+ 23. Kh1 R2d3 24. Nxg5 Qxg5 25. Rae1 Nf4 26. Re3 Qxg2+ 27.
Qxg2 Nxg2 28. Kxg2 Kxg7 29. Rfe1 Rxe3 30. Rxe3 Rd2 31. Rb3 a5 32. a3 a4 33. Rb4
f5 34. h4 e5 35. Kf3 Kg6 36. Rb5 Rd4 37. Rb6+ Kh5 38. Rf6 Rf4+ 39. Kg3 Rg4+ 40.
Kf3 Rf4+ 41. Kg3 Rg4+ 42. Kf3 Rf4+ 1/2-1/2

[Event "Open Letni Praha 2017 - A"]
[Site "?"]
[Date "2017.08.06"]
[Round "4"]
[White "Sbarra, Marco"]
[Black "Saiyn, Zhanat"]
[Result "0-1"]
[WhiteElo "2228"]
[BlackElo "2381"]
[PlyCount "40"]
[EventDate "2017.??.??"]
[WhiteClock "0:29:11"]
[BlackClock "1:08:38"]

1. c4 Nf6 2. Nc3 e5 3. Nf3 Nc6 4. d4 exd4 5. Nxd4 Bb4 6. Bg5 Bxc3+ 7. bxc3 d6
8. Nxc6 bxc6 9. e3 h6 10. Bxf6 Qxf6 11. Qd4 Ke7 12. Be2 Qxd4 13. cxd4 Rb8 14.
O-O Rb2 15. Bf3 Bd7 16. Rfb1 Rhb8 17. Be4 c5 18. h3 Be6 19. Rxb2 Rxb2 20. Bd3
Rd2 0-1

[Event "Open Letni Praha 2017 - A"]
[Site "?"]
[Date "2017.08.06"]
[Round "4"]
[White "Baasansuren, Erdene"]
[Black "Hoefelsauer, Thomas"]
[Result "1/2-1/2"]
[WhiteElo "2169"]
[BlackElo "2357"]
[PlyCount "63"]
[EventDate "2017.??.??"]
[WhiteClock "0:02:01"]
[BlackClock "0:17:43"]

1. d4 Nf6 2. c4 c5 3. d5 b5 4. cxb5 a6 5. b6 d6 6. Nc3 Nbd7 7. Nf3 Rb8 8. e4 g6
9. Be2 Bg7 10. O-O O-O 11. Nd2 Nxb6 12. a4 Nfd7 13. Qc2 e6 14. a5 Na8 15. dxe6
fxe6 16. f4 Bd4+ 17. Kh1 Nc7 18. Nf3 Bg7 19. Rd1 Qe7 20. Bc4 Nb5 21. Be3 Nd4
22. Nxd4 cxd4 23. Bxd4 Bxd4 24. Rxd4 Rxf4 25. Qd2 Rf8 26. Rxd6 Ne5 27. Be2 Rxb2
28. Qxb2 Qxd6 29. Rd1 Qc6 30. Rc1 Qd6 31. Rd1 Qc6 32. h3 1/2-1/2

[Event "Open Letni Praha 2017 - A"]
[Site "?"]
[Date "2017.08.06"]
[Round "4"]
[White "Toman, Ondrej"]
[Black "Vichnar, David"]
[Result "0-1"]
[WhiteElo "2187"]
[BlackElo "2428"]
[PlyCount "86"]
[EventDate "2017.??.??"]
[WhiteClock "0:26:24"]
[BlackClock "0:25:02"]

1. d4 d5 2. Nf3 e6 3. Bf4 Nf6 4. e3 c5 5. c3 Nc6 6. Nbd2 Be7 7. Bd3 Qb6 8. Qb1
c4 9. Be2 O-O 10. O-O Qd8 11. b3 b5 12. bxc4 bxc4 13. e4 Nh5 14. Bg3 Nxg3 15.
hxg3 Bd7 16. Qc2 Rb8 17. Rab1 Qa5 18. Nh2 f5 19. exd5 exd5 20. Bf3 Rxb1 21.
Rxb1 f4 22. g4 Bd6 23. Nhf1 Nd8 24. g3 Ne6 25. Kg2 Ng5 26. Nh2 fxg3 27. fxg3
Be8 28. Rb7 Ba3 29. Ndf1 Bg6 30. Qd2 Nxf3 31. Nxf3 Qa6 32. Rd7 Be4 33. N1h2 Qf6
34. Qf2 a5 35. Ra7 Qb6 36. Rd7 Qb2 37. Qxb2 Bxb2 38. Kf2 Bxc3 39. Ke3 Bb2 40.
Rc7 c3 41. Ne1 a4 42. Nhf3 c2 43. Rxc2 Rxf3+ 0-1

[Event "Open Letni Praha 2017 - A"]
[Site "?"]
[Date "2017.08.06"]
[Round "4"]
[White "Domogaev, Sergey"]
[Black "Radeva, Viktoria"]
[Result "1-0"]
[WhiteElo "2400"]
[BlackElo "2214"]
[PlyCount "95"]
[EventDate "2017.??.??"]
[WhiteClock "0:21:26"]
[BlackClock "0:10:52"]

1. d4 Nf6 2. c4 e6 3. Nf3 d5 4. e3 c6 5. Bd3 Nbd7 6. O-O Bd6 7. Nbd2 O-O 8. e4
dxe4 9. Nxe4 Nxe4 10. Bxe4 Nf6 11. Bc2 h6 12. Bd2 b6 13. Bc3 Re8 14. Qe2 Bb7
15. b4 Qc7 16. Ne5 Rad8 17. f4 c5 18. dxc5 bxc5 19. b5 Nd7 20. a4 f6 21. Ng6 e5
22. Qg4 Bc8 23. Bf5 Nf8 24. fxe5 Bxe5 25. Nxe5 fxe5 26. Bxc8 Rxc8 27. Rf5 Nd7
28. Re1 Re7 29. a5 Rce8 30. Qe4 Qd6 31. Rf3 Nf6 32. Qd3 Qxd3 33. Rxd3 e4 34.
Rde3 Re6 35. h3 Kf7 36. Rd1 R8e7 37. Kf2 h5 38. Rd8 Re8 39. Rd2 R8e7 40. Ke1 g6
41. Rf2 h4 42. g3 hxg3 43. Rxg3 Rd7 44. Rf4 e3 45. Rgf3 Rdd6 46. Rxf6+ Rxf6 47.
Rxf6+ Rxf6 48. Bxf6 1-0

[Event "Open Letni Praha 2017 - A"]
[Site "?"]
[Date "2017.08.06"]
[Round "4"]
[White "Yuan, Ye"]
[Black "Yagupov, Igor"]
[Result "1/2-1/2"]
[WhiteElo "2197"]
[BlackElo "2395"]
[PlyCount "109"]
[EventDate "2017.??.??"]
[WhiteClock "0:15:51"]
[BlackClock "0:02:11"]

1. d4 d5 2. c4 c6 3. Nf3 Nf6 4. e3 Bf5 5. Nc3 e6 6. Nh4 Be4 7. f3 Bg6 8. Qb3
Qc7 9. cxd5 cxd5 10. Bd2 Nc6 11. O-O-O a6 12. Nxg6 hxg6 13. g3 Na5 14. Qc2 b5
15. Kb1 Nc4 16. Bd3 Be7 17. Rc1 O-O 18. g4 Rfc8 19. h4 Qa5 20. Bxc4 dxc4 21. g5
Nh5 22. Nd5 Qd8 23. Nxe7+ Qxe7 24. e4 a5 25. f4 Qd7 26. Be3 b4 27. Rhd1 c3 28.
d5 a4 29. Qd3 exd5 30. exd5 cxb2 31. Kxb2 Re8 32. Rc4 b3 33. a3 Ng3 34. Bd2 Nf5
35. Rh1 Red8 36. Rc5 Rac8 37. Rxc8 Rxc8 38. Bc3 Nd6 39. Ka1 Ne4 40. Bb2 f5 41.
gxf6 Nf2 42. f7+ Qxf7 43. Qa6 Rc2 44. Re1 Kh7 45. h5 gxh5 46. Rg1 Rxb2 47. Kxb2
Qf5 48. Qc6 Nd3+ 49. Ka1 Nxf4 50. Qc3 g6 51. Qc7+ Kh6 52. Qc3 Kh7 53. Qc7+ Kh6
54. Qc3 Kh7 55. Qc7+ 1/2-1/2

[Event "Open Letni Praha 2017 - A"]
[Site "?"]
[Date "2017.08.06"]
[Round "4"]
[White "Plischki, Sebastian"]
[Black "Sindler, Michal"]
[Result "1-0"]
[WhiteElo "2383"]
[BlackElo "2201"]
[PlyCount "109"]
[EventDate "2017.??.??"]
[WhiteClock "1:02:55"]
[BlackClock "0:24:28"]

1. d4 Nf6 2. c4 g6 3. g3 Bg7 4. Bg2 O-O 5. Nc3 c6 6. e4 d6 7. Nf3 Qa5 8. O-O
Qh5 9. Ng5 h6 10. Qxh5 Nxh5 11. Nf3 Be6 12. d5 cxd5 13. cxd5 Bd7 14. h3 Na6 15.
g4 Nf6 16. e5 dxe5 17. Nxe5 Rad8 18. Bf4 Bc8 19. Rad1 Nd7 20. Rfe1 Nxe5 21.
Bxe5 Rfe8 22. Bxg7 Kxg7 23. Nb5 Bd7 24. Bf1 Kf8 25. Nxa7 Nc7 26. Rxe7 Rxe7 27.
d6 Be6 28. dxe7+ Kxe7 29. Rxd8 Kxd8 30. a3 Bd5 31. Nb5 Nxb5 32. Bxb5 g5 33. Bf1
Kc7 34. Kh2 f6 35. Kg3 Kd6 36. b4 Ke5 37. a4 Kd4 38. a5 Kc3 39. b5 Kb4 40. a6
bxa6 41. bxa6 Ka5 42. f3 Kb6 43. Kf2 Bf7 44. Ke3 h5 45. Kd4 hxg4 46. hxg4 Be6
47. Bd3 Bf7 48. a7 Kxa7 49. Kc5 Bb3 50. Kd6 Bd1 51. Be4 f5 52. gxf5 g4 53. f6
g3 54. f4 Bc2 55. Bg2 1-0

[Event "Open Letni Praha 2017 - A"]
[Site "?"]
[Date "2017.08.06"]
[Round "4"]
[White "Lamorelle, Julien"]
[Black "Anaskin, Arsenij"]
[Result "1-0"]
[WhiteElo "2358"]
[BlackElo "2188"]
[PlyCount "37"]
[EventDate "2017.??.??"]
[WhiteClock "0:17:12"]
[BlackClock "0:42:12"]

1. e4 d6 2. d4 Nf6 3. Nc3 Nbd7 4. g4 h6 5. h3 e5 6. Nge2 Be7 7. Bg2 O-O 8. Ng3
Nh7 9. Nf5 Bg5 10. Bxg5 Nxg5 11. h4 Ne6 12. g5 Nf4 13. Qf3 hxg5 14. hxg5 Qxg5
15. Nd5 Nxg2+ 16. Qxg2 f6 17. Qh2 exd4 18. f4 Qg4 19. Qh7+ 1-0

[Event "Open Letni Praha 2017 - A"]
[Site "?"]
[Date "2017.08.06"]
[Round "4"]
[White "Richterova, Natasa"]
[Black "Petran, Peter"]
[Result "1/2-1/2"]
[WhiteElo "2172"]
[BlackElo "2308"]
[PlyCount "110"]
[EventDate "2017.??.??"]
[WhiteClock "0:15:27"]
[BlackClock "0:14:52"]

1. e4 g6 2. d4 Bg7 3. Nc3 c6 4. f4 d5 5. e5 Nh6 6. Be3 f6 7. h3 Nf5 8. Bf2 fxe5
9. dxe5 e6 10. Qd2 h5 11. O-O-O Nd7 12. Nf3 Qc7 13. Bd3 Nf8 14. g4 Ne7 15. Bc5
b6 16. Bd6 Qd7 17. Nh4 g5 18. fxg5 hxg4 19. hxg4 Rg8 20. Rdf1 Bb7 21. Qf4 Nc8
22. Ba3 Kd8 23. Qf7 Rh8 24. Bxf8 Rxf8 25. Qxd7+ Kxd7 26. Rxf8 Bxf8 27. Nf3 Bb4
28. Nd1 a5 29. Rh8 Na7 30. Rxa8 Bxa8 31. g6 Bf8 32. Nf2 c5 33. g5 Ke7 34. Ng4
Bg7 35. a4 Bc6 36. b3 d4 37. Nd2 Bd5 38. Ne4 Nc6 39. Nd6 Nxe5 40. Nc8+ Kf8 41.
Nxe5 Bxe5 42. Nxb6 Bf4+ 43. Kb2 Kg7 44. Nd7 Bxg5 45. Nxc5 Be7 46. Nd7 Bd6 47.
Nb6 Bf3 48. Nc4 Bb4 49. Ne5 Bh5 50. Ka2 Bc3 51. Ka3 Bb4+ 52. Kb2 Bc3+ 53. Ka2
Kf6 54. Nd7+ Kg7 55. Ne5 Kf6 1/2-1/2

[Event "Open Letni Praha 2017 - A"]
[Site "?"]
[Date "2017.08.06"]
[Round "4"]
[White "Zlatin, Alex"]
[Black "Certek, Pavel"]
[Result "1-0"]
[WhiteElo "2149"]
[BlackElo "2287"]
[PlyCount "97"]
[EventDate "2017.??.??"]
[WhiteClock "0:36:32"]
[BlackClock "1:00:07"]

1. e4 c5 2. c3 g6 3. d4 cxd4 4. cxd4 d5 5. e5 Nc6 6. Nc3 Bg7 7. h3 Nh6 8. g4
O-O 9. Bg2 e6 10. Nf3 Kh8 11. Bg5 Qb6 12. Qd2 Ng8 13. O-O Bd7 14. Na4 Qa5 15.
Nc5 Qxd2 16. Bxd2 Bc8 17. Rac1 Nge7 18. Rfe1 b6 19. Nd3 Bb7 20. b4 Rac8 21. b5
Na5 22. Bxa5 bxa5 23. Nc5 Rc7 24. Nxe6 Rxc1 25. Rxc1 fxe6 26. Rc7 Rb8 27. Rxe7
Bf8 28. Rc7 Bh6 29. g5 Bf8 30. Bf1 a4 31. Nh2 h6 32. Nf3 Kg8 33. Bd3 hxg5 34.
Nxg5 Bb4 35. Bxg6 Ba5 36. Rh7 Bc8 37. Bf7+ Kf8 38. Rh8+ Ke7 39. Bxe6 Bd2 40.
Rh7+ Kf8 41. Rf7+ Ke8 42. Nh7 Rxb5 43. Nf6+ Kd8 44. Rf8+ Kc7 45. Rxc8+ Kb7 46.
Rc2 Bg5 47. Bxd5+ Kb6 48. Nd7+ Ka5 49. Rc5 1-0